[Event "Krapina op 12th"]
[Site "Krapina"]
[Date "2024.01.21"]
[Round "7"]
[White "Drozdek, Teo"]
[Black "Frouth, Vibor"]
[Result "1/2-1/2"]
[WhiteElo "1752"]
[BlackElo "1782"]
[PlyCount "38"]
[EventDate "2024.01.19"]
[EventType "swiss"]
[EventRounds "7"]
[EventCountry "CRO"]
[SourceTitle "CB06_2024"]
[SourceDate "2024.02.07"]
[SourceVersion "1"]
[SourceVersionDate "2024.02.07"]
[SourceQuality "1"]

1. c4 Nf6 2. Nc3 e6 3. e4 d5 4. e5 Nfd7 5. cxd5 Nxe5 6. d4 Ng6 7. dxe6 Bxe6 8. d5 Bd7 9. Nf3 Be7 10. Qb3 Qc8 11. h4 Bf6 12. Ne4 Bf5 13. Nxf6+ gxf6 14. Bh6 Nd7 15. Nd4 Nb6 16. Bg7 Rg8 17. Bxf6 Ne7 18. Qf3 Nbxd5 19. Bxe7 Nxe7 1/2-1/2

[Event "Krapina op 12th"]
[Site "Krapina"]
[Date "2024.01.21"]
[Round "6"]
[White "Kucko, Gabrijel"]
[Black "Drozdek, Teo"]
[Result "0-1"]
[WhiteElo "1515"]
[BlackElo "1752"]
[PlyCount "54"]
[EventDate "2024.01.19"]
[EventType "swiss"]
[EventRounds "7"]
[EventCountry "CRO"]
[SourceTitle "CB06_2024"]
[SourceDate "2024.02.07"]
[SourceVersion "1"]
[SourceVersionDate "2024.02.07"]
[SourceQuality "1"]

1. e4 c5 2. Nf3 e6 3. d4 cxd4 4. Nxd4 Nc6 5. Be3 Nf6 6. Nc3 Bb4 7. f3 d5 8. Qd3 0-0 9. Bd2 e5 10. Nxc6 bxc6 11. exd5 cxd5 12. Be2 a5 13. a3 Bc5 14. Bg5 d4 15. Ne4 Be7 16. Bxf6 Bxf6 17. Qd2 Be7 18. Bc4 Kh8 19. 0-0 f5 20. Ng3 Bg5 21. Qd3 Be3+ 22. Kh1 Qh4 23. Ne2 Rf6 24. Rad1 Qxh2+ 25. Kxh2 Rh6+ 26. Kg3 f4+ 27. Nxf4 exf4# 0-1

[Event "Varazdin Spancir op 1st"]
[Site "Varazdin"]
[Date "2023.08.26"]
[Round "5"]
[White "Drozdek, Teo"]
[Black "Vucic, Mate"]
[Result "1/2-1/2"]
[WhiteElo "1688"]
[BlackElo "1778"]
[PlyCount "47"]
[EventDate "2023.08.24"]
[EventType "swiss"]
[EventRounds "7"]
[EventCountry "CRO"]
[SourceTitle "EXT 2024"]
[Source "ChessBase"]
[SourceDate "2023.10.10"]
[SourceVersion "1"]
[SourceVersionDate "2023.10.10"]
[SourceQuality "1"]

1. c4 e5 2. Nc3 Bb4 3. Nd5 a5 4. a3 Bc5 5. e3 Nf6 6. Qf3 Nc6 7. b3 d6 8. Bb2 Nxd5 9. cxd5 Ne7 10. d4 exd4 11. exd4 Bb6 12. Bc4 0-0 13. g4 Qd7 14. h3 Ng6 15. Ne2 Re8 16. 0-0-0 c6 17. Nf4 Nxf4 18. Qxf4 cxd5 19. Bxd5 Qc7+ 20. Kb1 Be6 21. Bxe6 fxe6 22. Rhe1 Rac8 23. Rc1 Qd7 24. Qe4 1/2-1/2

[Event "Varazdin Spancir op 1st"]
[Site "Varazdin"]
[Date "2023.08.25"]
[Round "3"]
[White "Drozdek, Teo"]
[Black "Tonkovic, Josip"]
[Result "1/2-1/2"]
[WhiteElo "1688"]
[BlackElo "2116"]
[PlyCount "84"]
[EventDate "2023.08.24"]
[EventType "swiss"]
[EventRounds "7"]
[EventCountry "CRO"]
[SourceTitle "EXT 2024"]
[Source "ChessBase"]
[SourceDate "2023.10.10"]
[SourceVersion "1"]
[SourceVersionDate "2023.10.10"]
[SourceQuality "1"]

1. c4 Nf6 2. Nc3 e6 3. e4 c5 4. e5 Ng8 5. Nf3 Nc6 6. d4 cxd4 7. Nxd4 a6 8. Nxc6 dxc6 9. Qxd8+ Kxd8 10. Be3 b5 11. Bb6+ Ke8 12. Ne4 Rb8 13. Bc7 Rb7 14. Nd6+ Bxd6 15. Bxd6 Ne7 16. cxb5 cxb5 17. g4 f6 18. Bg2 Rd7 19. Rc1 Kf7 20. f4 Ng6 21. 0-0 Bb7 22. Bxb7 Rxb7 23. Rc6 a5 24. f5 exf5 25. Rxf5 Re8 26. exf6 gxf6 27. g5 Re6 28. Rxf6+ Rxf6 29. gxf6 Kxf6 30. Bc7+ Kf5 31. Bxa5 Ne5 32. Rc7 Rb8 33. Rxh7 Ke4 34. Re7 Rg8+ 35. Kf2 Rf8+ 36. Ke2 Kd5 37. Bc3 Nc6 38. Rh7 b4 39. Be1 Re8+ 40. Kd1 Kc4 41. Bg3 Ra8 42. a3 Kd4 1/2-1/2